Les plus grandes villes du monde finissant par "an" sur une carte - Statistiques

Statistiques générales
  • Ce quiz a été pris 60 fois
  • Le résultat moyen est 8 sur 20
Réponses sur la Carte
Les réponses sont colorées sur une échelle allant du rouge au vert en fonction du pourcentage des utilisateurs qui les ont devinées à leur premier essai. Vous pouvez retrouver ces pourcentages ci-dessous.
 
Statistiques - réponses
Population Pays Ville % Correct
3 149 000 Italie Milan
98%
9 387 000 Iran Téhéran
84%
5 523 000 Côte d'Ivoire Abidjan
79%
2 211 000 Jordanie Amman
74%
2 221 000 Iran Ispahan
61%
3 468 000 Corée du Sud Busan
58%
8 597 000 Chine Wuhan
58%
3 200 000 Afrique du Sud Durban
51%
8 549 000 Chine Xi'an
44%
2 443 000 Etats-Unis San Juan
39%
3 761 000 Nigéria Ibadan
37%
2 403 000 Indonésie Medan
26%
5 937 000 Chine Dalian
25%
5 669 000 Chine Jinan
9%
7 515 000 Chine Dongguan
7%
4 067 000 Chine Taiyuan
5%
7 501 000 Chine Foshan
4%
3 699 000 Chine Tangshan
4%
2 975 000 Chine Zhongshan
4%
2 922 000 Chine Handan
2%
Aucun quiz correspondant
Distribution des résultats
% des personnes avec chaque résultat
Percentile par nombre de réponses
Votre historique - résultats
Vous n’avez pas pris ce quiz